2205-大垣市(岐阜県)の駅 - Statistics

General Stats
  • This quiz has been taken 23 times
  • The average score is 7 of 10
Answer Stats
Answer % Correct
大垣
100%
美濃赤坂
90%
西大垣
81%
荒尾
76%
東大垣
76%
北大垣
71%
美濃青柳
48%
48%
大外羽
33%
友江
29%
No matching quizzes found
Score Distribution
Percent of People with Each Score
Percentile by Number Answered
Your Score History
You have not taken this quiz